000 00872nam a2200289Ia 4500
003 OSt
005 20221007112803.0
006 a|||||r|||| 00| 0
007 ta
008 221006b |||||||| |||| 00| 0 eng d
024 _a29,372
037 _cTextual
040 _aLCO
_cLCO
_beng
041 _2eng
_aeng
082 _aZ2,267, Q0
100 _aOdagiri Hiroyuki
245 0 _aIntellectual Property Rights, Development,and Catch-UP
_b Nelson Richard R
250 _a1st
260 _aNew
_bYork Oxford University Press U.S.A
_c2010
300 _a451
650 _aINTELLECTUAL PROPERTY RIGHTS
_9416310
700 _a Goto Akira
_9649617
700 _a Nelson Richard R
700 _a Sunami Atsushi
_9708808
942 _hZ2,267, Q0
_cTEXL
999 _c1198935
_d1198935